Sed de amor /

Kaydedildi:
Detaylı Bibliyografya
Yazar: Mishima, Yukio (autor)
Diğer Yazarlar: Keene, Donald (introducción) (introducción), Domingo, Ricardo (traducción) (traducción)
Materyal Türü: Bilinmiyor
Dil:İspanyolca
Baskı/Yayın Bilgisi: Barcelona, España : Luis de Caralt, 1974, c1974
Seri Bilgileri:(Colección Gigante)
Etiketler: Etiketle
Etiket eklenmemiş, İlk siz ekleyin!

MARC

LEADER 00000c**#a2200000ua#4500
001 000614961
005 20251015000000.0
009 20260310133652.265
020 |a 84-217-2597-1 
025 |a Donación Juan Lafarga Corona, 1 ejemplar 
037 |a Acervo Xavier Clavigero 
041 |a ESP 
091 |a FLC. 00598 
100 |a Mishima, Yukio  |e (autor) 
240 1 1 |a [Sed de amor] 
245 1 0 |a Sed de amor / 
264 4 |a Barcelona, España :  |b Luis de Caralt,  |c 1974, c1974 
300 |a 232 p. :  |b tapa dura 
336 |a texto  |b txt  |2 rdacontenido 
337 |a sin mediación  |b n  |2 rdamedio 
338 |a volumen  |b nc  |2 rdasoporte 
440 1 |a (Colección Gigante) 
500 |a Traducción de: Ai no kawaki 
561 |a Ex libris de la Biblioteca Dr. Juan Lafarga Corona 
561 |a Ex libris del INIDH Instituto Nacional de Investigación en Desarrollo Humano 
649 |a XX 
700 |a Keene, Donald  |e (introducción) 
700 |a Domingo, Ricardo  |e (traducción) 
910 |a Fondo Juan Lafarga Corona S.J. 
920 |a Impresos - Libros 
930 |a Fondos Especiales 
940 |a Literatura 
905 |a 145 
901 |a 614961-10  |b IT2  |c ESL  |i D  |u 20250522 
902 |a https://opac.biblio.iteso.mx/vufind/Record/000614961